| 000 | 00767cam a22002533a 4500 | ||
|---|---|---|---|
| 001 | 25409 | ||
| 003 | PGUSA | ||
| 005 | 20140828083539.0 | ||
| 008 | 080509s2008||||xxu|||||s|||||000 | eng d | ||
| 040 |
_aPGUSA _beng |
||
| 042 | _adc | ||
| 050 | 4 | _aPQ | |
| 100 | 1 |
_aFrance, Anatole, _d1844-1924 |
|
| 245 | 1 | 4 |
_aThe Story Of The Duchess Of Cicogne And Of Monsieur De Boulingrin : _b1920 _h[electronic resource] / _cAnatole France |
| 260 |
_bProject Gutenberg, _c2008 |
||
| 506 | _aPublic domain in the USA. | ||
| 516 | _aElectronic text | ||
| 700 | 1 |
_aMiall, Bernard, _d1876- |
|
| 700 | 1 | _aStewart, D. B. | |
| 700 | 1 |
_aMay, J. Lewis _q(James Lewis), _d1873- |
|
| 830 | 0 |
_aProject Gutenberg _v25409 |
|
| 856 | 4 | 0 | _uhttp://www.gutenberg.org/ebooks/25409 |
| 942 | _cEB | ||
| 999 |
_c254664 _d254664 |
||